Cours de Code Napoléon
Sparad:
| Huvudupphovsman: | |
|---|---|
| Materialtyp: | Bok |
| Språk: | franska |
| Publicerad: |
París
Auguste Durand et L. Hachette
1863
|
| Upplaga: | 3a. ed |
| Ämnen: | |
| Taggar: |
Lägg till en tagg
Inga taggar, Lägg till första taggen!
|
MARC
| LEADER | 00000nam a2200000 a 4500 | ||
|---|---|---|---|
| 001 | UCS1425 | ||
| 003 | CL-VaPUC | ||
| 008 | 970509e18630000FR |||||||||||||||||fre|d | ||
| 082 | 0 | 4 | |a 346.44 |b DEM |2 21 |
| 100 | 0 | |a Demolombe, C |e author |9 385875 | |
| 245 | 1 | 0 | |a Cours de Code Napoléon |
| 250 | |a 3a. ed | ||
| 300 | |a v | ||
| 942 | |c BK | ||
| 945 | |d 19970509 00:00:00 |a lriquelm | ||
| 260 | |a París |b Auguste Durand et L. Hachette |c 1863 | ||
| 500 | |a v.11: Traité des servitudes ou services fonciers, parte 1 | ||
| 500 | |a v.12: Traité des servitudes ou services fonciers, parte 2 | ||
| 650 | 0 | |a Derecho civil |9 255013 | |
| 650 | 7 | |a SERVIDUMBRE |2 CL-VaPUC |9 353384 | |
| 583 | |a last modification |c 19970509 00:00:00 |k Rodrigo Vera | ||
| 999 | |c 259518 |d 259516 | ||
| 952 | |0 0 |1 0 |4 0 |6 346_440000000000000_DEM_1863 |7 0 |8 X |9 284329 |a BIBDER |b BIBDER |d 2019-11-19 |h v.11 |i 1846329 |o 346.44 DEM 1863 |p 1846329 |r 2023-01-25 |w 2019-11-19 |y BK_X |k DER | ||
| 952 | |0 0 |1 0 |4 0 |6 346_440000000000000_DEM_1863 |7 0 |8 X |9 284330 |a BIBDER |b BIBDER |d 2019-11-19 |h v.12 |i 1846337 |o 346.44 DEM 1863 |p 1846337 |r 2023-01-25 |w 2019-11-19 |y BK_X |k DER | ||